<?xml version="1.0" encoding="UTF-8"?><?xml-stylesheet type="text/xsl" href="static/style.xsl"?><OAI-PMH xmlns="http://www.openarchives.org/OAI/2.0/" xmlns:xsi="http://www.w3.org/2001/XMLSchema-instance" xsi:schemaLocation="http://www.openarchives.org/OAI/2.0/ http://www.openarchives.org/OAI/2.0/OAI-PMH.xsd"><responseDate>2026-04-17T19:17:45Z</responseDate><request verb="GetRecord" identifier="oai:www.recercat.cat:10256/27050" metadataPrefix="marc">https://recercat.cat/oai/request</request><GetRecord><record><header><identifier>oai:recercat.cat:10256/27050</identifier><datestamp>2025-07-11T06:26:48Z</datestamp><setSpec>com_2072_452955</setSpec><setSpec>com_2072_2054</setSpec><setSpec>col_2072_452961</setSpec></header><metadata><record xmlns="http://www.loc.gov/MARC21/slim" xmlns:dcterms="http://purl.org/dc/terms/" xmlns:xsi="http://www.w3.org/2001/XMLSchema-instance" xmlns:doc="http://www.lyncode.com/xoai" xsi:schemaLocation="http://www.loc.gov/MARC21/slim http://www.loc.gov/standards/marcxml/schema/MARC21slim.xsd">
   <leader>00925njm 22002777a 4500</leader>
   <datafield ind2=" " ind1=" " tag="042">
      <subfield code="a">dc</subfield>
   </datafield>
   <datafield ind2=" " ind1=" " tag="720">
      <subfield code="a">Selvas Gardeñas, Irene.</subfield>
      <subfield code="e">author</subfield>
   </datafield>
   <datafield ind2=" " ind1=" " tag="720">
      <subfield code="a">Alsina i Tarrés, Miquel</subfield>
      <subfield code="e">author</subfield>
   </datafield>
   <datafield ind2=" " ind1=" " tag="260">
      <subfield code="c">2024-05-23</subfield>
   </datafield>
   <datafield ind2=" " ind1=" " tag="520">
      <subfield code="a">This article presents a study that investigates the relationship between musical listening and visual creativity in students in the second cycle of Early Childhood Education. Specifically, it is investigated whether the individual listening experience in a small group (n=6) of girls and boys aged 5-6 years affects the technical and expressive characteristics of their drawing production in contrast to the same experience without music and, equally, when the characteristics of musical hearing vary. The proposed methodology is quasi-experimental, without a control group, exploratory in nature and qualitatively based. Thus, after a program of six sessions of plastic activity with individual musical listening, the evolution of each student in the drawings made is analyzed and interpreted. Finally, the findings suggest a direct relationship between the musical characteristics of the auditions and the production of resulting drawings. At the same time, it is observed how the sound experience stimulates communication and activates the visual imagination of the participants, this being a stimulus that children can verbalize in the subsequent phase of their creative activity</subfield>
   </datafield>
   <datafield ind2=" " ind1=" " tag="520">
      <subfield code="a">En este artículo se presenta un estudio que indaga sobre la relación entre la audición musical y la creatividad plástica en alumnos del segundo ciclo de Educación Infantil. En concreto, se investiga si la experiencia auditiva individual en un grupo reducido (n=6) de niñas y niños de 5-6 años afecta las características técnicas y expresivas de su producción plástica en contraste con la misma experiencia sin&#xd;
música e, igualmente, cuando las características de la audición musical van variando. La metodología planteada es de tipo cuasiexperimental, sin grupo control, de naturaleza exploratoria y de base cualitativa.&#xd;
Así, tras una programación de seis sesiones de actividad plástica con escucha musical individual, se analiza e interpreta la evolución de los participantes en los dibujos realizados. Finalmente, los hallazgos plantean&#xd;
una relación directa entre las características musicales de las audiciones y la producción de dibujos resultantes. A su vez se observa cómo la experiencia sonora estimula la comunicación y activa la imaginación plástica, siendo este un estímulo que los niños y niñas son capaces de verbalizar en fase posterior a su actividad creativa</subfield>
   </datafield>
   <datafield ind1="8" ind2=" " tag="024">
      <subfield code="a">http://hdl.handle.net/10256/27050</subfield>
   </datafield>
   <datafield tag="653" ind2=" " ind1=" ">
      <subfield code="a">Creativitat -- Educació infantil</subfield>
   </datafield>
   <datafield tag="653" ind2=" " ind1=" ">
      <subfield code="a">Creativitat en els infants</subfield>
   </datafield>
   <datafield tag="653" ind2=" " ind1=" ">
      <subfield code="a">Creativity -- Study and teaching (Preschool)</subfield>
   </datafield>
   <datafield tag="653" ind2=" " ind1=" ">
      <subfield code="a">Creative ability in children</subfield>
   </datafield>
   <datafield tag="653" ind2=" " ind1=" ">
      <subfield code="a">Música -- Ensenyament -- Educació infantil</subfield>
   </datafield>
   <datafield tag="653" ind2=" " ind1=" ">
      <subfield code="a">Music -- Instruction and study -- Study and teaching (Preschool)</subfield>
   </datafield>
   <datafield tag="653" ind2=" " ind1=" ">
      <subfield code="a">Ensenyament -- Mètodes experimentals</subfield>
   </datafield>
   <datafield tag="653" ind2=" " ind1=" ">
      <subfield code="a">Education -- Experimental methods</subfield>
   </datafield>
   <datafield ind2="0" ind1="0" tag="245">
      <subfield code="a">La audición musical como estímulo creativo en el dibujo infantil</subfield>
   </datafield>
</record></metadata></record></GetRecord></OAI-PMH>